01317nam a2200325Ia 4500001001200000003000800012006001900020007001500039008004100054020001800095020001800113040002100131035002100152050002600173100002300199245014400222260006100366300001800427490003500445504004100480533015200521650002700673650004000700655002900740700003800769700002400807710001700831856012600848999001700974ebr10661243CaPaEBRm u cr cn|||||||||121213s2012 dcua sb 000 0 eng d z9781475523928 z9781475565829 aCaPaEBRcCaPaEBR a(OCoLC)82106456314aHB3730.5b.B38 2012eb1 aBaum, Anja,d1985-10aFiscal multipliers and the state of the economyh[electronic resource] /cprepared by Anja Baum, Marcos Poplawski-Ribeiro, and Anke Weber. aWashington, D.C. :bInternational Monetary Fund,cc2012. a30 p. :bill.0 aIMF working paper ;vWP/12/286 aIncludes bibliographical references. aElectronic reproduction.bPalo Alto, Calif. :cebrary,d2013.nAvailable via World Wide Web.nAccess may be limited to ebrary affiliated libraries. 0aMultiplier (Economics) 0aFiscal policyzDeveloped countries. 7aElectronic books.2local1 aRibeiro, Marcos Poplawski,d1977-1 aWeber, Anke,d1981-2 aebrary, Inc.40uhttp://site.ebrary.com/lib/rucke/Doc?id=10661243zAn electronic book accessible through the World Wide Web; click to view c65461d65461